|
|
|
|
| LEADER |
01909nam a22002537a 4500 |
| 001 |
30613 |
| 003 |
BD-DhAAL |
| 005 |
20260429115913.0 |
| 008 |
160125s2012 bg ||||| |||| 00| 0 ben d |
| 040 |
|
|
|a BD-DhAAL
|c BD-DhAAL
|
| 041 |
|
|
|a ben
|
| 082 |
|
|
|a 342.83095492
|2 22
|
| 245 |
|
|
|a তথ্য অধিকার আইন সহায়িকা :
|b ব্র্যাক সামাজিক ক্ষমতায়ন কর্মসূচী সহায়তায় বিশ্বব্যাংক /
|
| 246 |
|
|
|a Right to information act handbook :
|i Published by BRAC community empowerment programme with support from the World Bank under the creating awareness on RTI law for community empowerment project
|
| 260 |
|
|
|a ঢাকা :
|b ব্র্যাক সামাজিক ক্ষমতায়ন কর্মসূচী,
|c ২০১২.
|
| 300 |
|
|
|a ৮০ পৃষ্টা :
|c ২৩ সে. মি.
|
| 500 |
|
|
|a কর্তৃপক্ষের নিকট হতে প্রত্যেক নাগরিকের তথ্য লাভেরঅধিকার রয়েছে এবং কোন নাগরিকের অনুরোধের প্রেক্ষিতে সংশ্লিষ্ট কর্তৃপক্ষ তাকে তথ্য সরবরাহ করতে বাধ্য। (তথ্য অধিকার আইন ২০০৯, ধারা ৪)
|
| 541 |
1 |
|
|a Complimentary copy from BRAC
|e 30613
|
| 610 |
|
|
|a BRAC
|9 17552
|
| 650 |
|
|
|a Freedom of Information
|z Bangladesh.
|9 17553
|
| 852 |
|
|
|a Ayesha Abed Library
|c BRAC Resource Section
|
| 942 |
|
|
|2 ddc
|c BK
|
| 999 |
|
|
|c 36678
|d 36678
|
| 952 |
|
|
|0 0
|1 0
|2 ddc
|4 0
|6 342_830954920000000_TOT
|7 1
|9 57689
|a BRACUL
|b BRACUL
|c BRS
|d 2016-01-25
|e Complimentary copy from BRAC
|l 0
|o 342.83095492 TOT
|p 3010030613
|r 2016-01-25
|t 1
|w 2016-01-25
|y BK
|x Complimentary copy from BRAC; Price not available in register.
|